| 000 | 00443nam a22001577a 4500 | ||
|---|---|---|---|
| 005 | 20240329085718.0 | ||
| 008 | 230711b |||||||| |||| 00| 0 eng d | ||
| 082 |
_a612 _b GHU-C |
||
| 100 | _aGuhlam Ahmad | ||
| 245 |
_a Prince Comprehensive Principles of General Anatomy / _cGuhlam Ahmad |
||
| 260 |
_aPkaistan : _bPrince boook depot ; |
||
| 300 |
_a210 p. _c24 cm. |
||
| 650 | _aMedical / Anatomy | ||
| 700 | _aDr Guhlam Ahmad | ||
| 999 |
_c25904 _d25904 |
||